000 00773nam a22002537a 4500
008 240821b mp ||||| |||| 00| 0 mon d
020 _a978-99929-0-636-7
040 _aSE0153081
_beng
_cMN-UlNLM
_dMN-UlNLM
_erda
041 _aeng
084 _2NNA
_a81.2
_bА-602
100 _aАмарсанаа.Л
245 0 _aOxford Monsudar
245 0 _bEnglish Mongolian Dictionary
245 0 _c0
264 _aУБ
_bМонсудар хэвлэлийн газар
_c2006
300 _a891х
336 _2rdacontent
_atext
_btxt
337 _2rdamedia
_aunmediated
_bn
338 _2rdacarrier
_avolume
_bnc
505 _tангли монгол толь бичиг; толь бичиг; Oxford
942 _2NNA
_cBK
999 _c1154935
_d1154992